| 000 | 00619nam a2200229Ia 4500 | ||
|---|---|---|---|
| 003 | OSt | ||
| 005 | 20220926014715.0 | ||
| 006 | a|||||r|||| 00| 0 | ||
| 007 | ta | ||
| 008 | 220923b |||||||| |||| 00| 0 eng d | ||
| 037 | _cGeneral Book | ||
| 040 |
_aRTL _cRTL _beng |
||
| 041 |
_2eng _aeng |
||
| 082 | _aX:8F, L5 | ||
| 100 |
_aMeigs Walter B _9128145 |
||
| 245 | 0 | _aModern advanced accounting | |
| 260 |
_aNew York _bMcgraw-hill USA _c1975 |
||
| 300 |
_axvi, 680p. Appendix p629-70 _ccm. |
||
| 650 | _aBudgeting | ||
| 942 |
_hX:8F, L5 _cGB _2CC |
||
| 999 |
_c629675 _d629675 |
||